000 00555nam a2200181Ia 4500
005 20250923145423.0
008 008 250917s9999 xx 000 0 eng d
037 _aTextual
040 _aDSWL
_beng
_cDSWL
041 _aeng
_2eng
084 _aY12(T4):7:7.236, N64;1
_qDSWL
100 _aShah, B.V.
_9835125
245 0 _aSocial change and college students of Gujarat
_c by B.V.Shah
260 _aBaroda
_bM.S.University
_c1964
300 _a231 p.
942 _cTEXL
_hY12(T4):7:7.236, N64;1
999 _c1451142
_d1451142